| 000 | 00915nam a22002777a 4500 | ||
|---|---|---|---|
| 005 | 20080729104632.0 | ||
| 008 | 080729t xxu||||| |||| 00| 0 eng d | ||
| 010 | _aENG-90613 | ||
| 020 |
_a0070657068 _c795.00 |
||
| 035 | _aEN-74146 | ||
| 037 | _bDBAD / PUB | ||
| 040 | _aDPL | ||
| 082 | _a621.69 | ||
| 100 | _aMichael, A.M. | ||
| 245 |
_aWater wells and pumps / _cby A.M. Michael, S.D. Khepar [and] S.K. Sondhi |
||
| 250 | _a2nd ed | ||
| 260 |
_aNew Delhi _bTata McGraw-Hill Publishing _c2008 |
||
| 300 |
_axv, 695p. : _bill. _c24 cm.(Hb) |
||
| 500 | _aIncludes appendix and index | ||
| 650 | _aWells | ||
| 650 | _aPumps | ||
| 700 | _aKhepar, S.D. | ||
| 700 | _aSondhi, S.K. | ||
| 942 |
_2ddc _cEN _h621.69 _mMIC |
||
| 999 |
_c14622 _d14622 |
||